Principios de bioética laica

Збережено в:
Бібліографічні деталі
Автор: Sádaba, Javier (Автор)
Формат: Книга
Мова:Іспанська
Опубліковано: Barcelona Gedisa 2004
Редагування:1a. ed
Серія:Bioética
Предмети:
Теги: Додати тег
Немає тегів, Будьте першим, хто поставить тег для цього запису!

MARC

LEADER 00000cam a2200000 a 4500
001 UCK4421
003 CL-VaPUC
008 050603e20040300SP |||||||||||||||||spa|d
020 |a 8474329965 
082 0 4 |a 174.957  |b SAD  |2 21 
100 0 |a Sádaba, Javier  |e author  |9 492951 
245 1 0 |a Principios de bioética laica 
250 |a 1a. ed 
300 |a 139 p 
942 |c BK 
945 |d 20050603 00:00:00  |a jcarroza 
260 |a Barcelona  |b Gedisa  |c 2004 
650 0 |a Bioética  |9 256117 
650 0 |a Ética médica  |9 312024 
650 0 |a Religión   |9 255164 
583 |a last modification  |c 20150907 02:24:30  |k Rodrigo Vera 
490 0 |a Bioética 
999 |c 313297  |d 313295 
952 |0 0  |1 0  |4 0  |6 174_957000000000000_SAD_2004  |7 0  |8 A  |9 384554  |a BIBTEO  |b BIBTEO  |d 2019-11-22  |i 4135466  |o 174.957 SAD 2004  |p 4135466  |r 2025-01-17  |w 2019-11-22  |y BK  |k ICR 
952 |0 0  |1 0  |4 0  |6 174_957000000000000_SAD_2004  |7 0  |8 A  |9 384555  |a BIBING  |b BIBING  |d 2019-11-22  |i 4329503  |o 174.957 SAD 2004  |p 4329503  |r 2025-01-20  |w 2019-11-22  |y BK  |k CIC 
952 |0 0  |1 0  |3 erb  |4 0  |6 174_957000000000000_SAD_2004  |7 0  |8 A  |9 384556  |a BIBEDU  |b BIBEDU  |i 5197732  |o 174.957 SAD 2004  |p 5197732  |r 2019-11-22  |w 2019-11-22  |y BK  |z Catalogado en:20150911  |k FIL